000 00227nam a2200097Ia 4500
005 20251222114405.0
008 251222s1900||||xx |||||||||||||| ||spa||
082 _aDVD0070/S51/1950/EJ.2
245 0 _aMilagro en Milan:
942 _cDVD
999 _c1808
_d1808